000 00440nam a22001697a 4500
999 _c19554
_d19554
003 BDDh-ASL
005 20231015025804.0
008 201213n ii ||||| |||| 00| 0 eng d
040 _aBDDh-ASL
_cBDDh-ASL
082 _a294.5924
_bBHA
245 0 4 _aThe Bhagvadgita /
260 _aDelhi:
_bOrient Paperbacks,
_c1926.
300 _a309 p. :
_c18 cm.
650 0 _92359
_aBhagvadgita
700 1 _92358
_aGandhi, M. K.
942 _2ddc
_cBK